000 00477cam a2200205ua 4500
001 7092
005 20260515114143.0
008 141125n ii |||gr||||Z||||||eng
020 _a9789381784259
040 _cMAIN
041 _aeng
082 _a336
100 _aPhukan, Devojit,
_eAuthor.
245 _aSarkari arthobigyan
_cBy Devojit Phukan
250 _a1st.
260 _aJorhat:
_bBidya bhawan,
_c2012.
300 _a205p.
653 _aPublic finance
942 _cBK
999 _c6214
_d6214